00682nam a22002177a 4500003000400000005001700004008004100021010001300062020002900075035002300104040001600127082001300143100001700156245009100173250002000264260004100284270004000325300003400365500005700399650000800456dpl20181204161513.0080821t xxu||||| |||| 00| 0 eng d aB-284563 a8180546938c350.00 (pbk) aB-284563, B-277968 aDPLbENGc0 a346.5407 aKapoor, N.D. aElements of mercantile law:cby N.D. Kapoorbincluding company law and industrial law/ a29th rev. ed. aNew DelhibSultan Chand & Sonsc2008 a23, Darya Ganj,bNew Delhie110 002 avarious pagingsc21cm (pbk ) afor B.com and BBM courses of all Indian Universities aLaw